Vector Calculus (Record no. 10765)

MARC details
000 -LEADER
fixed length control field 00459cam a2200193ua 4500
001 - CONTROL NUMBER
control field 11992
005 - DATE AND TIME OF LATEST TRANSACTION
control field 20260515114826.0
008 - FIXED-LENGTH DATA ELEMENTS--GENERAL INFORMATION
fixed length control field 191231n ii |||gr||||Z||||||eng
020 ## - INTERNATIONAL STANDARD BOOK NUMBER
International Standard Book Number 9789380626895
040 ## - CATALOGING SOURCE
Transcribing agency MAIN
082 ## - DEWEY DECIMAL CLASSIFICATION NUMBER
Classification number 515
100 ## - MAIN ENTRY--PERSONAL NAME
Personal name Deepak Sinha,
Relator term author.
245 ## - TITLE STATEMENT
Title Vector Calculus
Statement of responsibility, etc. By Deepak Sinha
250 ## - EDITION STATEMENT
Edition statement 1st ed.
260 ## - PUBLICATION, DISTRIBUTION, ETC.
Place of publication, distribution, etc. Jaipur:
Name of publisher, distributor, etc. Prateeksha Publications,
Date of publication, distribution, etc. 2014.
300 ## - PHYSICAL DESCRIPTION
Extent 208p.
653 ## - INDEX TERM--UNCONTROLLED
Uncontrolled term Analysis
942 ## - ADDED ENTRY ELEMENTS (KOHA)
Koha item type Books
Holdings
Withdrawn status Lost status Damaged status Not for loan Home library Current library Shelving location Date acquired Total checkouts Full call number Barcode Date last seen Date last checked out Copy number Price effective from Koha item type
        Naharkatiya College Library Naharkatiya College Library General stacks 09/19/2020 1 515Mathematics | SIN 24659 06/18/2022 06/03/2022 1 09/19/2020 Books